| 000 | 00981nam a2200241Ia 4500 | ||
|---|---|---|---|
| 003 | OSt | ||
| 005 | 20200902155650.0 | ||
| 008 | 191128s1994 sp er 000 1 spa d | ||
| 020 | _a8426116981 | ||
| 040 |
_aCO-JMCR _cCO-JMCR |
||
| 041 | _aspa | ||
| 082 | 0 | 4 |
_aT / _bESQo |
| 100 | 1 |
_aEsquilo, _d525-456 a.C. _eautor _99657 |
|
| 245 | 0 |
_aLa orestíada : _bagamenón, las coéforas, las euménides / _cEsquilo ; estudio preliminar y traducción Vicente López Soto |
|
| 250 | _aSegunda edición | ||
| 260 |
_aBarcelona : _bJuventud, _c1994 |
||
| 300 |
_a197 páginas ; _c18 cm. |
||
| 490 | 0 | _aColección Z | |
| 520 | _aLa Orestiada es la única trilogía conservada íntegra de Esquilo y de todo el teatro griego. La componen el Agamenón, las Coéforas y las Euménides. Fue representada en la primavera del 458, cuando Esquilo contaba 67 años, dos antes de morir. | ||
| 650 | 0 | 4 |
_aTeatro griego _99658 |
| 700 |
_aLópez Soto, Vicente, _e traductor _99659 |
||
| 942 |
_2ddc _cBK |
||
| 999 |
_c3585 _d3585 |
||